000 00684npm a22001577a 4500
003 OSt
005 20250527141115.0
007 ou
008 250311b |||||||| |||| 00| i fre d
040 _cautismepaimpol.fr
245 _aLoto des émotions
246 _aAborder les expressions diverses du visage selon les émotions
500 _aOutre le jeu de loto traditionnel, plusieurs possibilités de jeu (décrire le visage pour le faire deviner à un autre joueur, reproduire la même mimique devant un miroir...) peuvent servir de prétexte à la discussion des sentiments.
562 _dLoto en bois, contenant 4 planches en bois (dim. 12 x 20 cm) + 24 jetons en bois
942 _cLOTO
999 _c144
_d144